[Event "AsianNationCup2018-OpenRapid"]
[Site "?"]
[Date "2018.07.27"]
[Round "1.6"]
[White "Wen, Yang"]
[Black "Khoroshev, Nikita"]
[Result "1/2-1/2"]
[BlackElo "2286"]
[WhiteElo "2571"]
[LiveChessVersion "1.4.8"]

1. e4 {[%clk 0:15:18]} g6 {[%clk 0:15:04]} 2. d4 {[%clk 0:15:25]} Bg7
{[%clk 0:15:14]} 3. Nf3 {[%clk 0:15:19]} d6 {[%clk 0:15:00]} 4. c3
{[%clk 0:15:23]} Nf6 {[%clk 0:14:50]} 5. Bd3 {[%clk 0:15:32]} c5 {[%clk 0:13:52]}
6. h3 {[%clk 0:15:35]} cxd4 {[%clk 0:13:52]} 7. cxd4 {[%clk 0:15:44]} Nc6
{[%clk 0:14:01]} 8. Nc3 {[%clk 0:15:43]} O-O {[%clk 0:14:04]} 9. O-O
{[%clk 0:15:51]} a6 {[%clk 0:13:50]} 10. Be3 {[%clk 0:15:48]} b5 {[%clk 0:12:10]}
11. Rc1 {[%clk 0:14:59]} Bb7 {[%clk 0:12:19]} 12. Re1 {[%clk 0:14:43]} Rc8
{[%clk 0:12:25]} 13. d5 {[%clk 0:13:52]} Na5 {[%clk 0:11:17]} 14. Bd4
{[%clk 0:13:28]} Nd7 {[%clk 0:11:17]} 15. Bxg7 {[%clk 0:12:52]} Kxg7
{[%clk 0:11:26]} 16. b3 {[%clk 0:13:01]} Qb6 {[%clk 0:10:48]} 17. Qd2
{[%clk 0:13:06]} Rc7 {[%clk 0:10:28]} 18. Rcd1 {[%clk 0:12:28]} Rfc8
{[%clk 0:10:32]} 19. Ne2 {[%clk 0:12:36]} f6 {[%clk 0:08:35]} 20. Nfd4
{[%clk 0:12:14]} Nf8 {[%clk 0:08:43]} 21. Bb1 {[%clk 0:12:18]} Re8
{[%clk 0:08:34]} 22. Qe3 {[%clk 0:11:40]} Kg8 {[%clk 0:07:45]} 23. Qh6
{[%clk 0:11:45]} Bc8 {[%clk 0:06:55]} 24. Nf4 {[%clk 0:11:51]} Nb7
{[%clk 0:06:50]} 25. Nde6 {[%clk 0:09:13]} Bxe6 {[%clk 0:06:53]} 26. Nxe6
{[%clk 0:09:22]} Nxe6 {[%clk 0:06:35]} 27. dxe6 {[%clk 0:09:30]} Rf8
{[%clk 0:05:09]} 28. Re3 {[%clk 0:09:11]} Rc5 {[%clk 0:02:33]} 29. e5
{[%clk 0:07:09]} f5 {[%clk 0:02:08]} 30. exd6 Nxd6 {[%clk 0:02:16]} 31. Qf4
{[%clk 0:04:06]} Qc7 {[%clk 0:01:06]} 32. Ree1 {[%clk 0:03:01]} Ne8
{[%clk 0:00:56]} 33. Qxc7 Nxc7 {[%clk 0:01:06]} 34. Rd7 {[%clk 0:01:33]} Re8
{[%clk 0:01:15]} 35. b4 {[%clk 0:00:58]} Rc6 {[%clk 0:01:12]} 36. g4
{[%clk 0:01:08]} fxg4 {[%clk 0:01:13]} 37. Be4 {[%clk 0:01:17]} Rc4
{[%clk 0:00:55]} 38. Bd3 {[%clk 0:01:11]} Rc6 {[%clk 0:00:57]} 39. Be4
{[%clk 0:01:04]} Rc4 {[%clk 0:01:06]} 40. hxg4 {[%clk 0:01:12]} Kf8
{[%clk 0:01:11]} 41. Bf3 {[%clk 0:01:22]} g5 {[%clk 0:01:02]} 42. Re5
{[%clk 0:01:22]} h6 {[%clk 0:01:11]} 43. Rf5+ {[%clk 0:01:26]} Kg8
{[%clk 0:01:18]} 44. a3 {[%clk 0:01:17]} Nxe6 {[%clk 0:01:06]} 45. Bd5
{[%clk 0:01:26]} Rc1+ {[%clk 0:01:15]} 46. Kg2 {[%clk 0:01:31]} Re1
{[%clk 0:01:25]} 47. f3 {[%clk 0:01:21]} Rc8 {[%clk 0:01:24]} 48. Kf2
{[%clk 0:01:29]} Rcc1 {[%clk 0:01:32]} 49. Bb3 {[%clk 0:00:42]} Rf1+
{[%clk 0:01:36]} 50. Ke2 {[%clk 0:00:51]} Kh8 {[%clk 0:01:14]} 51. Kd2
{[%clk 0:00:58]} Rb1 {[%clk 0:00:48]} 52. Rxe7 {[%clk 0:00:22]} Rxb3
{[%clk 0:00:44]} 53. Rxe6 {[%clk 0:00:29]} Rf2+ {[%clk 0:00:49]} 54. Ke1
{[%clk 0:00:26]} Rh2 {[%clk 0:00:58]} 55. Re8+ {[%clk 0:00:26]} Kg7
{[%clk 0:01:06]} 56. Re7+ Kg8 57. Re8+ {[%clk 0:00:40]} Kg7 {[%clk 0:01:25]} 58.
Re7+ 1/2-1/2

[Event "AsianNationCup2018-OpenRapid"]
[Site "?"]
[Date "2018.07.27"]
[Round "1.7"]
[White "Sindarov, Javokhir"]
[Black "Bai, Jinshi"]
[Result "1/2-1/2"]
[BlackElo "2443"]
[WhiteElo "2287"]
[LiveChessVersion "1.4.8"]

1. e4 {[%clk 0:15:17]} c6 {[%clk 0:15:19]} 2. Nc3 {[%clk 0:15:11]} d5
{[%clk 0:15:27]} 3. Nf3 {[%clk 0:15:19]} g6 {[%clk 0:15:34]} 4. d4
{[%clk 0:15:22]} Bg7 {[%clk 0:15:41]} 5. h3 {[%clk 0:15:30]} dxe4 6. Nxe4
{[%clk 0:15:38]} Nf6 {[%clk 0:15:53]} 7. Nxf6+ {[%clk 0:15:39]} exf6
{[%clk 0:16:01]} 8. Bc4 {[%clk 0:15:40]} O-O {[%clk 0:15:39]} 9. O-O
{[%clk 0:15:48]} a5 {[%clk 0:15:10]} 10. a4 {[%clk 0:15:06]} Na6 {[%clk 0:14:37]}
11. Bf4 {[%clk 0:12:54]} Nb4 {[%clk 0:14:00]} 12. c3 {[%clk 0:13:02]} Nd5
{[%clk 0:14:08]} 13. Bh2 {[%clk 0:13:11]} Be6 {[%clk 0:11:50]} 14. Nd2
{[%clk 0:12:55]} Bh6 {[%clk 0:10:32]} 15. Re1 {[%clk 0:12:16]} Re8
{[%clk 0:10:15]} 16. Ba2 {[%clk 0:10:26]} Bxd2 {[%clk 0:08:33]} 17. Qxd2
{[%clk 0:10:33]} Nb6 {[%clk 0:08:42]} 18. Bxe6 {[%clk 0:09:32]} Rxe6
{[%clk 0:08:50]} 19. b3 {[%clk 0:07:08]} Nd5 {[%clk 0:08:02]} 20. c4
{[%clk 0:06:54]} Nb4 {[%clk 0:08:05]} 21. Rxe6 {[%clk 0:05:43]} fxe6
{[%clk 0:08:14]} 22. Bf4 {[%clk 0:05:13]} Qd7 {[%clk 0:07:11]} 23. Be3
{[%clk 0:05:05]} Rd8 {[%clk 0:06:45]} 24. Rd1 {[%clk 0:05:03]} Kf7
{[%clk 0:05:43]} 25. d5 cxd5 {[%clk 0:05:43]} 26. Bb6 {[%clk 0:04:42]} Ra8
{[%clk 0:05:34]} 27. Bxa5 {[%clk 0:04:39]} Rxa5 {[%clk 0:05:34]} 28. Qxb4
{[%clk 0:04:46]} Qc7 {[%clk 0:05:40]} 29. g3 {[%clk 0:03:46]} dxc4
{[%clk 0:04:03]} 30. bxc4 {[%clk 0:03:52]} Rc5 {[%clk 0:04:04]} 31. Rb1
{[%clk 0:03:30]} Rxc4 {[%clk 0:03:10]} 32. Qxb7 {[%clk 0:03:38]} Qxb7
{[%clk 0:03:02]} 33. Rxb7+ {[%clk 0:03:46]} Ke8 {[%clk 0:03:02]} 34. a5
{[%clk 0:03:43]} Ra4 {[%clk 0:03:10]} 35. Ra7 {[%clk 0:03:48]} h5
{[%clk 0:03:03]} 36. a6 {[%clk 0:03:56]} e5 {[%clk 0:02:38]} 37. Kf1
{[%clk 0:04:01]} Ra2 {[%clk 0:02:43]} 38. Ke1 {[%clk 0:04:02]} f5
{[%clk 0:01:51]} 39. h4 {[%clk 0:04:03]} e4 {[%clk 0:01:28]} 40. Kd1
{[%clk 0:04:05]} Kd8 {[%clk 0:01:11]} 41. Ke1 {[%clk 0:03:10]} Ke8
{[%clk 0:01:20]} 42. Kf1 {[%clk 0:02:56]} Kf8 43. Kg1 {[%clk 0:02:23]} Kg8
{[%clk 0:01:30]} 44. Kf1 {[%clk 0:02:23]} Kf8 45. Ke1 {[%clk 0:01:03]} Ke8
{[%clk 0:01:48]} 46. Kd1 {[%clk 0:01:11]} Kd8 {[%clk 0:01:52]} 47. Ra8+
{[%clk 0:00:35]} Kc7 {[%clk 0:01:56]} 48. Ke1 {[%clk 0:00:45]} Kd7
{[%clk 0:00:15]} 49. a7 {[%clk 0:00:49]} Kc7 {[%clk 0:00:24]} 50. Rg8
{[%clk 0:00:40]} Rxa7 {[%clk 0:00:33]} 51. Rg7+ {[%clk 0:00:27]} Kb6
{[%clk 0:00:43]} 52. Rxg6+ {[%clk 0:00:37]} Kc5 {[%clk 0:00:52]} 53. Rg5
{[%clk 0:00:46]} Kd4 {[%clk 0:00:22]} 54. Rxf5 {[%clk 0:00:50]} e3
{[%clk 0:00:26]} 55. fxe3+ {[%clk 0:00:27]} Kxe3 {[%clk 0:00:23]} 56. Kf1
{[%clk 0:00:35]} Ke4 {[%clk 0:00:25]} 57. Rf4+ {[%clk 0:00:43]} Ke5
{[%clk 0:00:29]} 58. Kg2 {[%clk 0:00:48]} Ra2+ {[%clk 0:00:31]} 59. Kh3
{[%clk 0:00:55]} Ra5 {[%clk 0:00:30]} 60. Rf8 {[%clk 0:00:55]} Ke6
{[%clk 0:00:33]} 61. Rf4 {[%clk 0:01:03]} Ra2 {[%clk 0:00:36]} 62. Rf8
{[%clk 0:00:54]} Rb2 {[%clk 0:00:32]} 63. Rf3 {[%clk 0:00:59]} Ra2
{[%clk 0:00:33]} 64. g4 {[%clk 0:01:06]} hxg4+ 65. Kxg4 {[%clk 0:01:15]} Rg2+
{[%clk 0:00:42]} 66. Kh5 {[%clk 0:01:20]} Ke7 67. Kh6 Rg4 {[%clk 0:00:47]} 68.
Kh5 {[%clk 0:01:30]} Rg1 {[%clk 0:00:55]} 69. Rf5 {[%clk 0:01:38]} Rg2 70. Rf4
{[%clk 0:01:17]} Rg1 {[%clk 0:01:04]} 71. Kh6 {[%clk 0:01:25]} Rg2
{[%clk 0:01:11]} 72. Kh7 {[%clk 0:01:28]} Rg1 73. Kh6 {[%clk 0:01:25]} Rg2
{[%clk 0:01:25]} 74. Rf5 Rg4 {[%clk 0:01:31]} 75. h5 {[%clk 0:01:42]} Rg1
{[%clk 0:01:38]} 76. Kh7 {[%clk 0:01:47]} Rg2 {[%clk 0:01:40]} 77. Ra5
{[%clk 0:01:54]} Kf7 {[%clk 0:01:27]} 78. Ra7+ {[%clk 0:02:01]} Kf8
{[%clk 0:01:36]} 79. Ra6 {[%clk 0:02:04]} Rg7+ {[%clk 0:01:26]} 80. Kh6
{[%clk 0:02:08]} Rg1 {[%clk 0:01:31]} 81. Rg6 {[%clk 0:02:11]} Rh1
{[%clk 0:01:32]} 82. Rg5 {[%clk 0:02:18]} Kf7 {[%clk 0:01:35]} 83. Ra5
{[%clk 0:02:19]} Kg8 {[%clk 0:01:27]} 84. Ra8+ {[%clk 0:02:28]} Kf7
{[%clk 0:01:36]} 85. Rb8 {[%clk 0:02:13]} Rh2 {[%clk 0:01:43]} 86. Rb6
{[%clk 0:01:56]} Kg8 {[%clk 0:01:50]} 87. Rg6+ {[%clk 0:02:01]} Kh8
{[%clk 0:01:54]} 88. Rb6 {[%clk 0:02:10]} Rg2 {[%clk 0:01:49]} 89. Rb7
{[%clk 0:02:11]} Rg7 {[%clk 0:01:45]} 90. Rxg7 {[%clk 0:15:10]} 1/2-1/2

[Event "AsianNationCup2018-OpenRapid"]
[Site "?"]
[Date "2018.07.27"]
[Round "1.8"]
[White "Xu, Xiangyu"]
[Black "Abdisalimov, Abdimalik"]
[Result "0-1"]
[BlackElo "2135"]
[WhiteElo "2301"]
[LiveChessVersion "1.4.8"]

1. d4 {[%clk 0:15:17]} Nf6 {[%clk 0:15:19]} 2. c4 {[%clk 0:15:25]} e6
{[%clk 0:15:29]} 3. g3 {[%clk 0:15:33]} c5 {[%clk 0:15:38]} 4. Nf3
{[%clk 0:15:41]} cxd4 {[%clk 0:15:47]} 5. Nxd4 {[%clk 0:15:49]} Qc7
{[%clk 0:15:57]} 6. Nc3 {[%clk 0:15:44]} a6 {[%clk 0:16:04]} 7. Bg2
{[%clk 0:15:36]} Qxc4 {[%clk 0:14:20]} 8. O-O {[%clk 0:15:43]} Nc6
{[%clk 0:14:27]} 9. Nb3 {[%clk 0:15:51]} d5 {[%clk 0:13:37]} 10. Bf4
{[%clk 0:16:00]} Bb4 {[%clk 0:12:05]} 11. Rc1 {[%clk 0:09:48]} Bxc3
{[%clk 0:12:08]} 12. Bd6 {[%clk 0:09:54]} Ne4 {[%clk 0:09:49]} 13. Bxe4
{[%clk 0:10:02]} Qxe4 {[%clk 0:08:00]} 14. Rxc3 {[%clk 0:10:11]} d4
{[%clk 0:08:06]} 15. Rc5 {[%clk 0:08:57]} e5 {[%clk 0:07:28]} 16. Nd2
{[%clk 0:08:59]} Qg6 {[%clk 0:06:20]} 17. Nc4 {[%clk 0:08:13]} Bh3
{[%clk 0:06:03]} 18. Qb3 {[%clk 0:08:21]} Qe4 {[%clk 0:06:04]} 19. Ne3
{[%clk 0:07:26]} O-O-O {[%clk 0:04:35]} 20. Bxe5 {[%clk 0:06:34]} f6
{[%clk 0:03:49]} 21. Bf4 {[%clk 0:05:45]} g5 {[%clk 0:03:56]} 22. f3
{[%clk 0:05:49]} Qe6 {[%clk 0:03:52]} 23. Nd5 {[%clk 0:03:14]} Rxd5
{[%clk 0:02:14]} 24. Qxd5 {[%clk 0:01:28]} Qxd5 {[%clk 0:02:21]} 25. Rxd5
{[%clk 0:01:37]} Bxf1 {[%clk 0:02:27]} 26. Kxf1 {[%clk 0:01:45]} gxf4
{[%clk 0:02:31]} 27. gxf4 {[%clk 0:01:53]} Rd8 {[%clk 0:02:29]} 28. Rh5
{[%clk 0:01:58]} Rd7 {[%clk 0:02:38]} 29. Ke1 {[%clk 0:02:04]} Nb4
{[%clk 0:02:18]} 30. Kd2 {[%clk 0:01:44]} Kc7 {[%clk 0:01:53]} 31. Rf5
{[%clk 0:01:22]} Nd5 {[%clk 0:01:42]} 32. Kd3 {[%clk 0:01:31]} Kd6
{[%clk 0:01:51]} 33. Kxd4 {[%clk 0:01:14]} Ke6 {[%clk 0:02:00]} 34. Ke4
{[%clk 0:01:23]} Ne7 {[%clk 0:02:09]} 35. Rh5 {[%clk 0:01:20]} f5+
{[%clk 0:02:19]} 36. Ke3 {[%clk 0:01:29]} Nd5+ {[%clk 0:02:28]} 37. Kf2
{[%clk 0:01:38]} Nxf4 {[%clk 0:02:37]} 38. Rh4 {[%clk 0:01:34]} Ke5
{[%clk 0:02:42]} 39. e3 {[%clk 0:01:39]} Rd2+ {[%clk 0:02:38]} 40. Kf1
{[%clk 0:01:36]} Ng2 {[%clk 0:02:41]} 41. Rxh7 {[%clk 0:01:29]} Nxe3+
{[%clk 0:02:48]} 42. Ke1 {[%clk 0:00:15]} Rxb2 {[%clk 0:02:51]} 43. a4
{[%clk 0:00:17]} Kf4 {[%clk 0:02:53]} 44. Rh3 {[%clk 0:00:16]} a5
{[%clk 0:02:52]} 45. Rg3 {[%clk 0:00:12]} Ng2+ {[%clk 0:02:39]} 46. Kf1
{[%clk 0:00:17]} Nh4 {[%clk 0:02:43]} 47. Rg7 {[%clk 0:00:18]} Nxf3
{[%clk 0:02:44]} 48. h3 {[%clk 0:00:27]} Nh4 {[%clk 0:02:42]} 49. Rc7
{[%clk 0:00:34]} Kg3 {[%clk 0:02:44]} 50. Rg7+ {[%clk 0:00:29]} Kxh3
{[%clk 0:02:44]} 51. Rg5 {[%clk 0:00:37]} b6 {[%clk 0:02:48]} 52. Rg8
{[%clk 0:00:37]} Rb4 {[%clk 0:02:51]} 0-1

[Event "AsianNationCup2018-OpenRapid"]
[Site "?"]
[Date "2018.07.27"]
[Round "1.9"]
[White "Nguyen, Ngoc Truong Son"]
[Black "Noah, A .H. Al-Ali"]
[Result "1-0"]
[BlackElo "2361"]
[WhiteElo "2666"]
[LiveChessVersion "1.4.8"]

1. d4 {[%clk 0:15:10]} Nf6 {[%clk 0:15:18]} 2. Nf3 {[%clk 0:15:18]} g6
{[%clk 0:14:43]} 3. c4 {[%clk 0:14:23]} Bg7 {[%clk 0:14:48]} 4. Nc3
{[%clk 0:14:31]} d5 {[%clk 0:14:50]} 5. cxd5 {[%clk 0:13:13]} Nxd5
{[%clk 0:14:57]} 6. e4 {[%clk 0:13:21]} Nb6 {[%clk 0:14:05]} 7. Be3
{[%clk 0:12:32]} O-O {[%clk 0:13:32]} 8. Be2 {[%clk 0:12:31]} Kh8
{[%clk 0:11:40]} 9. h4 {[%clk 0:12:20]} Bg4 {[%clk 0:10:46]} 10. Ng5
{[%clk 0:11:49]} Bxe2 {[%clk 0:10:41]} 11. Qxe2 {[%clk 0:11:56]} h6
{[%clk 0:09:04]} 12. Nf3 {[%clk 0:10:07]} c5 {[%clk 0:07:18]} 13. dxc5
{[%clk 0:10:02]} N6d7 {[%clk 0:07:26]} 14. Rd1 {[%clk 0:08:20]} Nc6
{[%clk 0:07:26]} 15. O-O {[%clk 0:07:30]} Qc8 {[%clk 0:04:14]} 16. Qd2
{[%clk 0:05:39]} Nde5 {[%clk 0:03:36]} 17. Nxe5 {[%clk 0:05:44]} Nxe5
{[%clk 0:03:44]} 18. Bxh6 {[%clk 0:05:34]} Qg4 {[%clk 0:03:42]} 19. Qf4
{[%clk 0:05:21]} Qxf4 {[%clk 0:02:17]} 20. Bxf4 {[%clk 0:05:29]} Rac8
{[%clk 0:02:10]} 21. Na4 {[%clk 0:05:09]} Rfd8 {[%clk 0:02:02]} 22. Rxd8+
{[%clk 0:03:28]} Rxd8 {[%clk 0:02:10]} 23. b3 {[%clk 0:03:27]} Ng4
{[%clk 0:01:22]} 24. f3 {[%clk 0:03:32]} Bd4+ {[%clk 0:01:31]} 25. Kh1
{[%clk 0:03:41]} Ne3 {[%clk 0:00:59]} 26. Re1 {[%clk 0:03:43]} Nc2
{[%clk 0:01:07]} 27. Rd1 {[%clk 0:03:18]} e5 {[%clk 0:01:02]} 28. Bxe5+
{[%clk 0:03:22]} Kh7 {[%clk 0:01:04]} 29. Rd2 {[%clk 0:03:19]} f6
{[%clk 0:01:10]} 30. Bd6 {[%clk 0:03:14]} b5 {[%clk 0:00:57]} 31. Rxc2
{[%clk 0:03:19]} bxa4 {[%clk 0:01:06]} 32. Rc4 {[%clk 0:03:23]} Bf2
{[%clk 0:00:45]} 33. Rxa4 {[%clk 0:03:30]} Rd7 {[%clk 0:00:47]} 34. g3
{[%clk 0:03:36]} g5 {[%clk 0:00:54]} 35. hxg5 {[%clk 0:03:40]} fxg5
{[%clk 0:01:02]} 36. Kg2 {[%clk 0:03:47]} Be3 {[%clk 0:01:11]} 37. e5
{[%clk 0:03:55]} Kg6 {[%clk 0:01:13]} 38. e6 {[%clk 0:03:58]} 1-0

[Event "AsianNationCup2018-OpenRapid"]
[Site "?"]
[Date "2018.07.27"]
[Round "1.10"]
[White "Mohammed, Zozek Salah Mohammed"]
[Black "Nguyen, Anh Khoi"]
[Result "0-1"]
[BlackElo "2122"]
[WhiteElo "2242"]
[LiveChessVersion "1.4.8"]

1. e4 c5 2. Nf3 d6 3. c3 Nf6 4. Be2 Nbd7 5. d3 b6 6. O-O Bb7 7. Nbd2 e6 8. Re1
Be7 9. Bf1 O-O 10. d4 a6 11. a4 Qc7 12. Bd3 Rfd8 13. Qe2 Nf8 14. e5 dxe5 15. dxe5
Nd5 16. Ne4 h6 17. Ng3 Rac8 18. h4 c4 19. Bc2 b5 20. axb5 axb5 21. h5 b4 22. Bd2
Ra8 23. Nd4 b3 24. Be4 Nb6 25. Bxb7 Qxb7 26. Qg4 Kh8 27. Rxa8 Rxa8 28. Ndf5 exf5
29. Nxf5 Ne6 30. Bxh6 gxh6 31. Nxh6 Bg5 32. Nf5 Rg8 33. Nd6 Bd2 34. Qh3 Qxg2+ 35.
Qxg2 Rxg2+ 36. Kxg2 Bxe1 0-1

[Event "AsianNationCup2018-OpenRapid"]
[Site "?"]
[Date "2018.07.27"]
[Round "1.11"]
[White "Nguyen, Duc Hoa"]
[Black "Al-Ali, Hussein Ali Hussein"]
[Result "1-0"]
[BlackElo "2270"]
[WhiteElo "2490"]
[LiveChessVersion "1.4.8"]

1. d4 {[%clk 0:15:17]} d5 {[%clk 0:15:18]} 2. c4 {[%clk 0:15:25]} c6
{[%clk 0:15:26]} 3. Nf3 {[%clk 0:15:33]} Nf6 {[%clk 0:15:34]} 4. Nc3
{[%clk 0:15:41]} e6 {[%clk 0:15:19]} 5. g3 {[%clk 0:15:43]} Nbd7 {[%clk 0:15:10]}
6. Bg2 {[%clk 0:15:50]} Bd6 {[%clk 0:15:16]} 7. O-O {[%clk 0:15:52]} O-O
{[%clk 0:15:23]} 8. Nd2 {[%clk 0:15:43]} Bc7 {[%clk 0:15:12]} 9. e4
{[%clk 0:15:42]} dxe4 {[%clk 0:15:19]} 10. Ndxe4 {[%clk 0:15:48]} Re8
{[%clk 0:14:31]} 11. Re1 {[%clk 0:14:31]} h6 {[%clk 0:14:04]} 12. Be3
{[%clk 0:13:38]} Rb8 {[%clk 0:13:26]} 13. Rc1 {[%clk 0:12:31]} Nb6
{[%clk 0:13:04]} 14. b3 {[%clk 0:11:14]} e5 {[%clk 0:11:42]} 15. Nxf6+
{[%clk 0:10:54]} Qxf6 {[%clk 0:11:45]} 16. d5 {[%clk 0:10:31]} Bf5
{[%clk 0:11:21]} 17. d6 {[%clk 0:09:35]} Bd8 {[%clk 0:11:07]} 18. Qd2
{[%clk 0:08:32]} Qg6 {[%clk 0:10:57]} 19. h3 {[%clk 0:07:40]} h5 {[%clk 0:10:12]}
20. c5 {[%clk 0:07:32]} Nd7 {[%clk 0:10:11]} 21. b4 {[%clk 0:07:35]} Bf6
{[%clk 0:09:32]} 22. Ne2 {[%clk 0:05:50]} Nf8 {[%clk 0:09:25]} 23. a4
{[%clk 0:05:34]} a6 {[%clk 0:09:33]} 24. f3 {[%clk 0:05:06]} Bd7 {[%clk 0:09:34]}
25. Kh2 {[%clk 0:04:32]} Ne6 {[%clk 0:09:42]} 26. f4 {[%clk 0:04:28]} h4
{[%clk 0:09:43]} 27. g4 {[%clk 0:04:04]} exf4 {[%clk 0:09:50]} 28. Nxf4
{[%clk 0:04:12]} Be5 {[%clk 0:09:42]} 29. Kh1 {[%clk 0:04:08]} Nxf4
{[%clk 0:09:24]} 30. Bxf4 {[%clk 0:04:17]} Bxf4 {[%clk 0:09:08]} 31. Qxf4
{[%clk 0:04:24]} Qd3 {[%clk 0:09:09]} 32. Rf1 Be6 {[%clk 0:08:41]} 33. Rf3
{[%clk 0:02:36]} Qg6 {[%clk 0:08:08]} 34. Re3 {[%clk 0:02:12]} Bd5
{[%clk 0:07:35]} 35. Bxd5 {[%clk 0:02:12]} cxd5 {[%clk 0:07:28]} 36. Rce1
{[%clk 0:01:38]} Re6 {[%clk 0:07:18]} 37. Rxe6 {[%clk 0:01:25]} fxe6
{[%clk 0:07:27]} 38. Qe3 {[%clk 0:01:15]} Re8 {[%clk 0:07:27]} 39. b5
{[%clk 0:01:12]} axb5 40. axb5 {[%clk 0:01:21]} e5 {[%clk 0:07:40]} 41. Qb3
{[%clk 0:01:04]} Qe6 {[%clk 0:07:40]} 42. Rd1 {[%clk 0:01:06]} d4
{[%clk 0:07:38]} 43. Qxe6+ {[%clk 0:01:10]} 1-0

[Event "AsianNationCup2018-OpenRapid"]
[Site "?"]
[Date "2018.07.27"]
[Round "1.12"]
[White "Abdulwahhab, Ahmed Abdulsattar A"]
[Black "Dao, Thien Hai"]
[Result "0-1"]
[WhiteElo "2219"]
[BlackElo "2455"]
[PlyCount "108"]
[EventDate "2018.??.??"]
[EventType "rapid"]
[WhiteClock "0:00:23"]
[BlackClock "0:01:16"]

1. d4 Nf6 2. Nf3 g6 3. Nc3 d5 4. Bf4 Bg7 5. Qd2 Ne4 6. Nxe4 dxe4 7. Ne5 O-O 8.
O-O-O Nd7 9. Nxd7 Qxd7 10. h4 Rd8 11. e3 c5 12. d5 Qa4 13. Kb1 c4 14. c3 Be6
15. Qc2 Qxc2+ 16. Kxc2 Rxd5 17. Be2 h6 18. Rxd5 Bxd5 19. Rd1 e6 20. Bd6 Rc8 21.
Bg4 f5 22. Be2 Bf6 23. h5 g5 24. g4 fxg4 25. Bxg4 Rc6 26. Bg3 Kf7 27. Re1 Ra6
28. a3 Ke7 29. Bb8 Ra5 30. Rd1 Kf7 31. Rd2 Be7 32. Bc7 b6 33. Be2 Kf6 34. Bg3
Kf5 35. Rd1 Rc5 36. Rf1 Bc6 37. Bb8 a6 38. Kc1 Bd8 39. Rd1 Bd5 40. Bd6 Rc8 41.
Bg3 Bc7 42. Rf1 b5 43. Kc2 a5 44. Ra1 Bb6 45. a4 b4 46. cxb4 axb4 47. a5 Bd8
48. a6 b3+ 49. Kb1 Bf6 50. a7 c3 51. bxc3 Bxc3 52. Ra6 Bg7 53. Bb5 b2 54. Bc6
Rxc6 0-1

[Event "AsianNationCup2018-OpenRapid"]
[Site "?"]
[Date "2018.07.27"]
[Round "1.13"]
[White "Gholami Orimi, Mahdi"]
[Black "Ismagambetov, Anuar"]
[Result "1/2-1/2"]
[WhiteElo "2092"]
[BlackElo "2454"]
[PlyCount "29"]
[EventDate "2018.??.??"]
[EventType "rapid"]
[WhiteClock "0:10:14"]
[BlackClock "0:08:46"]

1. e4 e6 2. d4 d5 3. Nd2 dxe4 4. Nxe4 Nd7 5. Nf3 Be7 6. Bd3 Ngf6 7. Nxf6+ Bxf6
8. c3 c5 9. Be3 cxd4 10. Nxd4 a6 11. Qh5 Ne5 12. Be2 Qc7 13. O-O g6 14. Qh6 Nc4
15. Bf4 1/2-1/2

[Event "AsianNationCup2018-OpenRapid"]
[Site "?"]
[Date "2018.07.27"]
[Round "1.14"]
[White "Kazhgaleyev, Murtas"]
[Black "Javanbakht, Nima"]
[Result "1-0"]
[WhiteElo "2457"]
[BlackElo "2349"]
[PlyCount "67"]
[EventDate "2018.??.??"]
[EventType "rapid"]
[WhiteClock "0:13:14"]
[BlackClock "0:10:40"]

1. e4 e5 2. Nf3 Nc6 3. Nc3 Nf6 4. g3 Bb4 5. d3 O-O 6. Bd2 d6 7. Bg2 Ne7 8. a3
Ba5 9. b4 Bb6 10. Na4 Ng6 11. c4 Bd7 12. Nxb6 axb6 13. O-O b5 14. Qc2 bxc4 15.
dxc4 Ba4 16. Qd3 c6 17. Bc3 Re8 18. Rfe1 d5 19. Nd2 d4 20. Bb2 c5 21. b5 Nd7
22. Rac1 Nb6 23. h4 h6 24. Nf3 Qf6 25. Nh2 Rac8 26. Bh3 Rc7 27. Ng4 Qe7 28. f3
Rd8 29. Nf2 Nf8 30. Qd2 Nfd7 31. Bf1 Nf6 32. Kh2 Ne8 33. Qa5 Qd6 34. Qd2 1-0

[Event "AsianNationCup2018-OpenRapid"]
[Site "?"]
[Date "2018.07.27"]
[Round "1.15"]
[White "Gholami, Aryan"]
[Black "Makhnev, Denis"]
[Result "1-0"]
[WhiteElo "2295"]
[BlackElo "2449"]
[PlyCount "38"]
[EventDate "2018.??.??"]
[EventType "rapid"]
[WhiteClock "0:06:37"]
[BlackClock "0:12:19"]

1. d4 Nf6 2. c4 g6 3. Nc3 Bg7 4. e4 d6 5. h3 O-O 6. Be3 e5 7. d5 a5 8. g4 Na6
9. Nge2 Nd7 10. Qd2 Ndc5 11. Ng3 c6 12. Be2 cxd5 13. cxd5 Bd7 14. h4 a4 15. h5
a3 16. bxa3 f6 17. hxg6 hxg6 18. Rb1 Kf7 19. Nb5 Qe7 1-0

[Event "AsianNationCup2018-OpenRapid"]
[Site "?"]
[Date "2018.07.27"]
[Round "1.16"]
[White "Kostenko, Petr"]
[Black "Tahbaz, Arash"]
[Result "0-1"]
[WhiteElo "2403"]
[BlackElo "2312"]
[PlyCount "42"]
[EventDate "2018.??.??"]
[EventType "rapid"]
[WhiteClock "0:07:40"]
[BlackClock "0:13:04"]

1. d4 Nf6 2. Nf3 g6 3. Nc3 d5 4. Bf4 Bg7 5. e3 O-O 6. Be2 c5 7. Ne5 cxd4 8.
exd4 Nc6 9. O-O Bf5 10. Nxc6 bxc6 11. Na4 Nd7 12. c3 e5 13. Be3 Re8 14. Rc1 Qc7
15. Qd2 Qa5 16. b3 exd4 17. Bf4 dxc3 18. Nxc3 d4 19. Ne4 Qxd2 20. Nxd2 Rxe2 21.
Rxc6 Ne5 0-1